| 000 | 00542nam a2200181Ia 4500 | ||
|---|---|---|---|
| 001 | 4512 | ||
| 005 | 20260306145801.0 | ||
| 008 | 260306t2009||||xx |||||||||||||| ||spa|| | ||
| 041 | _aESP | ||
| 082 |
_a323.352 _bO65 |
||
| 100 |
_aOrganización de los Estados Americanos Comisión Interamericana de Derechos _eAUT |
||
| 245 | 0 | _aLa infancia y sus derechos en el sistema interamericano de protección de derechos humanos | |
| 260 | _c2009 | ||
| 300 |
_a62 páginas : _c28 cm. |
||
| 650 | _aGEN | ||
| 654 | _aCHU | ||
| 942 |
_cLIB _dJUS _fJUS _2ddc _n |
||
| 999 |
_c4512 _d4512 |
||